| 000 | 00359nam a2200121Ia 4500 | ||
|---|---|---|---|
| 008 | 191014s9999 xx 000 0 und d | ||
| 082 |
_a327.470172 _bKOR |
||
| 100 |
_aAndrzej Korbonski _920502 |
||
| 245 | 4 | _aThe Soviet Union and the Third World The Last Three Decades | |
| 260 |
_aPakistan _bCombine Printers Lahore _c1987 |
||
| 300 | _aXvi,317 | ||
| 942 | _cBK | ||
| 999 |
_c531092 _d531092 |
||